Marketing vo vydavateľstve - fantázia alebo skutočnosť?

Salvato in:
Dettagli Bibliografici
Autore principale: Wlodarczyk, Jacek
Altri autori: Ciesielski, Andrzej
Natura: Libro
Lingua:slovacco
Pubblicazione: Bratislava Vydavateľstvo SOFA 2002
Soggetti:
Tags: Aggiungi Tag
Nessun Tag, puoi essere il primo ad aggiungerne!!

MARC

LEADER 00000nam a2200000 4500
001 c134861
005 20231215114951.2
020 |a 80-89033-14-8 
041 0 |a slo 
044 |a SK 
245 1 0 |a Marketing vo vydavateľstve - fantázia alebo skutočnosť?  |c Jacek Wlodarczyk ; prekl. Andrzej Ciesielski 
264 1 |a Bratislava  |b Vydavateľstvo SOFA  |c 2002 
300 |a 149 s. 
610 2 0 |a marketing 
610 2 0 |a vydavateľstvá 
610 2 0 |a marketing mix 
610 2 0 |a prieskum trhu 
610 2 0 |a knihy 
610 2 0 |a segmentácia trhu 
610 2 0 |a životnosť výrobkov 
610 2 0 |a analýzy 
610 2 0 |a obaly 
610 2 0 |a ceny 
610 2 0 |a distribúcia 
610 2 0 |a rabat 
610 2 0 |a kontrola predaja 
610 2 0 |a propagácia 
610 2 0 |a reklama 
610 2 0 |a veľtrhy 
610 2 0 |a informácie 
610 2 0 |a komunikácia 
610 2 0 |a náklady 
610 2 0 |a zisk 
610 2 0 |a plán marketingový 
610 2 0 |a ciele podnikové 
610 2 0 |a stratégia marketingová 
100 1 |a Wlodarczyk, Jacek 
700 1 |a Ciesielski, Andrzej